Υλικά : τεχνολογία, επιστήμη, επεξεργασία και σχεδιασμός
Saved in:
| Main Author: | |
|---|---|
| Other Authors: | , |
| Format: | Book |
| Language: | Greek English |
| Published: |
Αθήνα :
Κλειδάριθμός,
c2022.
|
| Edition: | 4η αγγλική έκδοση. |
| Subjects: | |
| Tags: |
Add Tag
No Tags, Be the first to tag this record!
|
MARC
| LEADER | 00000nam a2200000 a 4500 | ||
|---|---|---|---|
| 001 | 1/125759 | ||
| 008 | 221222s2022####gr | ||| |||| ||gre|| | ||
| 020 | |a 9789606453229 | ||
| 040 | |a GR-MyUa |b gre |c GR-MyUa |e AACR2 | ||
| 041 | 1 | |a gre |h eng | |
| 082 | 7 | |a 620.11 |2 (23) | |
| 100 | 1 | |a Ashby, M. F. | |
| 245 | 1 | 0 | |a Υλικά : |b τεχνολογία, επιστήμη, επεξεργασία και σχεδιασμός / |c Michael Asgby, Hugh Shercliff, David Cebon ; μετάφραση: Κώστας Καρανικολός ; επιστημονική επιμέλεια ελληνικής έκδοσης: Γεώργιος Χρ. Ψαρράς. |
| 250 | |a 4η αγγλική έκδοση. | ||
| 260 | |a Αθήνα : |b Κλειδάριθμός, |c c2022. | ||
| 300 | |a 828 σ. : |b εικ. ; |c 29 εκ. | ||
| 500 | |a Τίτλος πρωτοτύπου: Materials : engineering, science, processing and design. | ||
| 500 | |a Περιλαμβάνει ευρετήριο. | ||
| 650 | 0 | |a Materials. | |
| 700 | 1 | |a Shercliff, Hugh. | |
| 700 | 1 | |a Cebon, David. | |
| 852 | |a INST |b SYROS |c EUDOXUS |e 20221222 |h 620.11 ASH |p 005500015514 |q 005500015514 |t EDX |y 0 | ||
| 920 | |a Εύδοξος |b Παραγγελία |y Σύρος-ΤΜΣΠΣ |z 2022-12 | ||
| 970 | |a Κοντού |b Παρασκευή |z 22/12/2022 | ||